书目信息 |
| 题名: |
只有你能欣赏我
|
|
| 作者: | 淑颖 著 | |
| 分册: | ||
| 出版信息: | 北京 金城岀版社 2005.01 |
|
| 页数: | 186页 | |
| 开本: | 21cm | |
| 丛书名: | 精短时尚文丛 | |
| 单 册: | ||
| 中图分类: | I267.3 | |
| 科图分类: | ||
| 主题词: | 小品文--xiao pin wen--中国--现代--作品集 | |
| 电子资源: | ||
| ISBN: | 7-80084-644-X | |
| 000 | 00953nam 2200277 450 | |
| 001 | 012008041411 | |
| 005 | 20080320101930.37 | |
| 010 | @a7-80084-644-X@dCNY12.00 | |
| 100 | @a20080319d2005 km y0chiy0120 ea | |
| 101 | 0 | @achi |
| 102 | @aCN@b110000 | |
| 105 | @aa z 000cy | |
| 106 | @ar | |
| 200 | 1 | @a只有你能欣赏我@Azhi you ni neng xin shang wo@f淑颖著@Fshu ying zhu |
| 210 | @a北京@c金城岀版社@d2005.01 | |
| 215 | @a186页@c图@d21cm | |
| 225 | 2 | @a精短时尚文丛@Ajing duan shi shang wen cong@i闪亮的窗 |
| 314 | @a版权页题淑颖主编 | |
| 330 | @a本书分“来不及泪流满面”、“读懂生命之爱”、“风中的沙粒”、“岁月无息流淌”四部分,收录了《披肩》、《感悟亲情》、《友情的代价》等多篇小品文。 | |
| 410 | 0 | @12001 @a精短时尚文丛 |
| 410 | 0 | @12001 @a闪亮的窗 |
| 606 | 0 | @a小品文@Axiao pin wen@y中国@z现代@j作品集 |
| 690 | @aI267.3@v4 | |
| 701 | 0 | @a淑颖@Ashu ying@4著 |
| 801 | 0 | @aCN@bQSSK@c20080320 |
| 905 | @b20287551-54@dI267.3@eS636@f4 | |
| 只有你能欣赏我/淑颖著.-北京:金城岀版社,2005.01 |
| 186页:图;21cm.-(精短时尚文丛.闪亮的窗) |
| ISBN 7-80084-644-X:CNY12.00 |
| 本书分“来不及泪流满面”、“读懂生命之爱”、“风中的沙粒”、“岁月无息流淌”四部分,收录了《披肩》、《感悟亲情》、《友情的代价》等多篇小品文。 |
| ● |
| 相关链接 |
|
|
|
正题名:只有你能欣赏我
索取号:I267.3/S636
 
预约/预借
| 序号 | 登录号 | 条形码 | 馆藏地/架位号 | 状态 | 备注 |
| 1 | 287551 | 202875512 | 文学库116/116文学库 11排5列5层/ [索取号:I267.3/S636] | 在馆 | |
| 2 | 287552 | 202875521 | 社科二线422/116文学库 11排5列5层/ [索取号:I267.3/S636] | 在馆 | |
| 3 | 287553 | 202875530 | 文学库116/116文学库 11排5列5层/ [索取号:I267.3/S636] | 在馆 | |
| 4 | 287554 | 202875549 | 社科二线422/116文学库 11排5列5层/ [索取号:I267.3/S636] | 在馆 |